The art of DreamWorks Rise of the guardians /

Bibliographic Details
Main Author: Zahed, Ramin
Format: Book
Language:English
Published: San Rafael, Calif. : Insight Editions, [2012]
Subjects:

MARC

Tag First Indicator Second Indicator Subfields
LEADER 00000cam a2200000Ia 4500
001 in00002785770
005 20151202171720.0
008 120321s2012 caua 000 0 eng d
020 |a 9781608871087 :  |c $40.00 
020 |a 1608871088 
035 |a (OCoLC)ocn781679099 
035 |a (OCoLC)781679099 
040 |a BTCTA  |b eng  |c BTCTA  |d BDX  |d OCO  |d YDXCP  |d UtOrBLW 
049 |a TXAM 
050 4 |a NC1766.U53  |b R57 2012 
092 |a 791.4372  |b R595, Z19a 
100 1 |a Zahed, Ramin. 
245 1 4 |a The art of DreamWorks Rise of the guardians /  |c written by Ramin Zahed ; foreword by Alec Baldwin ; preface by William Joyce. 
246 3 |a Art of rise of the guardians 
246 3 0 |a Rise of the guardians 
264 1 |a San Rafael, Calif. :  |b Insight Editions,  |c [2012] 
264 4 |c ©2012 
300 |a 155 pages :  |b illustrations (chiefly color) ;  |c 27 x 29 cm. 
336 |a text  |b txt  |2 rdacontent 
337 |a unmediated  |b n  |2 rdamedia 
338 |a volume  |b nc  |2 rdacarrier 
630 0 0 |a Rise of the Guardians (Motion picture)  |x Art. 
610 2 0 |a DreamWorks Animation. 
650 0 |a Animated films  |x Art. 
994 |a C0  |b TXA 
948 |a cataloged  |b h  |c 2012/12/18  |d c  |e jlanham  |f 1:59:00 pm 
999 |a MARS 
999 f f |s e1ac1e7a-c64e-3cfc-b34d-18a6cef905e7  |i ce35e56e-1842-30ac-a75c-464e5f2deb6c  |t 0 
952 f f |p normal  |a Texas A&M University  |b College Station  |c Sterling C. Evans Library  |d Evans: Library Stacks  |t 0  |e NC1766.U53 R57 2012  |h Library of Congress classification  |i unmediated -- volume  |m A14841586208 
998 f f |a NC1766.U53 R57 2012  |t 0  |l Evans: Library Stacks